Relaciones laborales en el sector salud: fuentes de información y métodos de análisis /
Bewaard in:
| Hoofdauteur: | |
|---|---|
| Coauteur: | |
| Andere auteurs: | , , |
| Formaat: | Texto |
| Gepubliceerd in: |
Quito:
OPS/OMS
|
| Tags: |
Voeg label toe
Geen labels, Wees de eerste die dit record labelt!
|
MARC
| LEADER | 00000 a a2200000 04500 | ||
|---|---|---|---|
| 001 | 18269 | ||
| 003 | |||
| 040 | |a CRAI/IIS |c CRAI/IIS | ||
| 090 | |a 142600 | ||
| 100 | |a Dal Poz, Mario | ||
| 110 | |a Organización Panamericana de la Salud. Programa de Desarrollo de Recursos Humanos en Salud. Observatorio de los Recursos Humanos de Salud en las Reformas Sectoriales. División de Desarrollo de Sistemas y Servicios de Salud | ||
| 245 | |a Relaciones laborales en el sector salud: fuentes de información y métodos de análisis / |c Mario Dal Poz | ||
| 260 | |a Quito: |b OPS/OMS | ||
| 300 | |a 182 p. | ||
| 700 | |a Galin, Pedro | ||
| 700 | |a Novick, Marta | ||
| 700 | |a Varella, Thereza | ||
| 999 | |c 6057 |d 6057 | ||
